| 000 | 00521nam a2200169Ia 4500 | ||
|---|---|---|---|
| 999 |
_c21604 _d21604 |
||
| 003 | OSt | ||
| 005 | 20200609123356.0 | ||
| 008 | 190216s9999||||xx |||||||||||||| ||und|| | ||
| 020 | _a9788172736071 | ||
| 040 | _coclc | ||
| 082 |
_a361.610954 _bMAN/S |
||
| 100 |
_aMangaleswaran, R _92675 |
||
| 245 | 0 |
_aSocial Development In India Retrospects And Prospects / _cR Mangaleswaran |
|
| 260 |
_bAuthorspress, _c2011. _aDelhi: |
||
| 300 | _a423p | ||
| 942 |
_cBK _2ddc _h361.610954 _iMAN/S _k361.610954 _mMAN/S |
||